[Event "Münster 3 - Bochum 2"]
[Site "?"]
[Date "2024.04.14"]
[Round "8.1"]
[White "Kraemer, Matthias"]
[Black "Korth, Daniel"]
[Result "1-0"]
[WhiteElo "2250"]
[BlackElo "2176"]
[PlyCount "113"]
[EventDate "2024.??.??"]

1. e4 e5 2. Nf3 Nc6 3. Bc4 Nf6 4. d3 Bc5 5. c3 a6 6. Nbd2 O-O 7. O-O d6 8. Bb3 Ba7 9. h3 h6 10. Re1 Nh5 11. Nc4 Qf6 12. Ne3 Nf4 13. Ng4 Bxg4 14. hxg4 Rfe8 15. Be3 Bxe3 16. Rxe3 Ne6 17. Nh2 Ng5 18. Qd2 Na5 19. Bc2 c5 20. g3 Rad8 21. Rf1 Ne6 22. Re2 g5 23. Rb1 Nc6 24. Nf1 Ne7 25. Ne3 b5 26. Bb3 Kg7 27. Kg2 Rh8 28. Rh1 Kg6 29. Ree1 Ng7 30. Rh3 Rh7 31. Qe2 Rdh8 32. Nf5 h5 33. Nxg7 Qxg7 34. gxh5+ Rxh5 35. Reh1 Rxh3 36. Rxh3 Rxh3 37. Kxh3 Qh8+ 38. Kg2 Qc8 39. Qf3 f6 40. Bd1 Kg7 41. Qe2 a5 42. a4 b4 43. Bb3 Kg6 44. Qc2 Kg7 45. Ba2 Qe8 46. Qb3 Nc8 47. Qd5 Kg6 48. Qb7 bxc3 49. bxc3 Ne7 50. Bc4 g4 51. Qc7 d5 52. Bb5 Qf7 53. Qxc5 Qe6 54. Be8+ Kg7 55. Qc7 Kh6 56. Bd7 Qg8 57. Qd6 1-0

[Event "Münster 3 - Bochum 2"]
[Site "?"]
[Date "2024.04.14"]
[Round "8.2"]
[White "Becker, Stefan"]
[Black "Wolter, Detlev"]
[Result "1/2-1/2"]
[WhiteElo "2019"]
[BlackElo "2204"]
[PlyCount "87"]
[EventDate "2024.??.??"]

1. d4 d5 2. Nf3 c6 3. g3 Nf6 4. Bg2 g6 5. O-O Bg7 6. b3 O-O 7. c4 dxc4 8. bxc4 c5 9. Bb2 cxd4 10. Nxd4 Qb6 11. Qb3 Nfd7 12. e3 Na6 13. Nd2 Nac5 14. Qa3 e5 15. Nb5 Re8 16. Bc3 a6 17. Bb4 Bf8 18. Nc3 a5 19. Nd5 Qd8 20. Ne4 axb4 21. Qxa8 Re6 22. Nxc5 Nxc5 23. Rad1 Kg7 24. Nb6 Qxb6 25. Qxc8 e4 26. Rd8 Rc6 27. Qa8 Ne6 28. Rb8 Rxc4 29. Qxb7 Qd6 30. Rc8 Nc5 31. Qa8 Rc3 32. Rd8 Qe7 33. Re8 Qd6 34. Rd8 Qe7 35. Re8 Qd6 36. Bxe4 Ra3 37. Qd5 Nxe4 38. Qxe4 Rxa2 39. Rb1 b3 40. Kg2 Qf6 41. Qf3 Qb6 42. Qd5 Qf6 43. Qf3 Qb6 44. Qd5 1/2-1/2

[Event "Münster 3 - Bochum 2"]
[Site "?"]
[Date "2024.04.14"]
[Round "8.3"]
[White "Pewny, Uwe"]
[Black "Molinaroli, Martin"]
[Result "0-1"]
[WhiteElo "2221"]
[BlackElo "2097"]
[PlyCount "70"]
[EventDate "2024.??.??"]

1. Nf3 b6 2. e4 Bb7 3. Bc4 e6 4. Qe2 Bxe4 5. Qxe4 d5 6. Qd3 dxc4 7. Qxc4 Nf6 8. Nc3 Bd6 9. d4 O-O 10. Bg5 a6 11. O-O-O b5 12. Qe2 Nbd7 13. Ne5 Qc8 14. Rd3 b4 15. Nxd7 Nxd7 16. Ne4 Re8 17. Rh3 f5 18. Qh5 Nf8 19. Nxd6 cxd6 20. Rd1 Qc4 21. b3 Qc7 22. Qe2 a5 23. Kb1 a4 24. Bd2 Qa5 25. a3 axb3 26. Bxb4 bxc2+ 27. Qxc2 Qd5 28. Rf3 Rec8 29. Qb3 Rc4 30. Kb2 Rac8 31. Rd2 Nd7 32. g3 Nb6 33. Rfd3 Qh1 34. Bxd6 Qc1+ 35. Ka2 Rc2+ 0-1

[Event "Münster 3 - Bochum 2"]
[Site "?"]
[Date "2024.04.14"]
[Round "8.4"]
[White "Mueschenich, Stefan"]
[Black "Schaefers, Andreas"]
[Result "1/2-1/2"]
[WhiteElo "2116"]
[BlackElo "2000"]
[PlyCount "30"]
[EventDate "2024.??.??"]

1. e4 c5 2. Nf3 e6 3. b3 d6 4. Bb2 Nf6 5. d3 Nc6 6. Nbd2 Be7 7. g3 O-O 8. Bg2 Rb8 9. O-O b5 10. Re1 Bb7 11. h3 Nd7 12. d4 cxd4 13. Nxd4 Qb6 14. Nxc6 Bxc6 15. Nf3 Rfd8 1/2-1/2

[Event "Münster 3 - Bochum 2"]
[Site "?"]
[Date "2024.04.14"]
[Round "8.5"]
[White "Goralski, Christian"]
[Black "Baumann, Stephan"]
[Result "1/2-1/2"]
[WhiteElo "2088"]
[BlackElo "2047"]
[PlyCount "29"]
[EventDate "2024.??.??"]

1. e4 e5 2. Nc3 Nf6 3. d4 exd4 4. Qxd4 Nc6 5. Qd3 Bb4 6. Bd2 O-O 7. O-O-O Re8 8. Nge2 d6 9. Bg5 h6 10. Bxf6 Qxf6 11. Nd5 Qd8 12. Nxb4 Nxb4 13. Qd2 a5 14. Nc3 Be6 15. Kb1 1/2-1/2

[Event "Münster 3 - Bochum 2"]
[Site "?"]
[Date "2024.04.14"]
[Round "8.6"]
[White "Wieder, Heiner"]
[Black "Hinkmann, Jens"]
[Result "1/2-1/2"]
[WhiteElo "2095"]
[BlackElo "2084"]
[PlyCount "65"]
[EventDate "2024.??.??"]

1. e4 e5 2. Nf3 Nc6 3. Bb5 a6 4. Bxc6 dxc6 5. O-O f6 6. d4 exd4 7. Nxd4 c5 8. Nb3 Qxd1 9. Rxd1 Be6 10. Bf4 c4 11. Na5 b6 12. Nc6 Bd7 13. Nd4 O-O-O 14. Nc3 Ne7 15. Rd2 Ng6 16. Bg3 Bb4 17. Rad1 Bxc3 18. bxc3 Rhe8 19. f3 c5 20. Ne2 Ba4 21. Rd6 Rxd6 22. Rxd6 Kb7 23. Kf2 Re7 24. Rd2 Kc6 25. Ke1 Rd7 26. Rxd7 Kxd7 27. Kd2 Bc6 28. Bf2 Ne7 29. g4 g6 30. Ng3 Ke6 31. h4 f5 32. g5 Ke5 33. exf5 1/2-1/2

[Event "Münster 3 - Bochum 2"]
[Site "?"]
[Date "2024.04.14"]
[Round "8.7"]
[White "Hart, Klaus"]
[Black "Ollech, Dirk"]
[Result "0-1"]
[WhiteElo "1898"]
[BlackElo "1960"]
[PlyCount "82"]
[EventDate "2024.??.??"]

1. Nf3 c5 2. c4 Nc6 3. e3 Nf6 4. d4 cxd4 5. Nxd4 g6 6. Nxc6 bxc6 7. b3 Bg7 8. Bb2 O-O 9. Be2 d6 10. O-O Qc7 11. Nd2 e5 12. b4 Bf5 13. a4 Rad8 14. Qb3 d5 15. Nf3 Ne4 16. Rac1 Qb8 17. cxd5 cxd5 18. Rfd1 Be6 19. Qa3 h6 20. h3 Rc8 21. Bd3 Ng5 22. Nxg5 hxg5 23. b5 g4 24. Rxc8 Rxc8 25. hxg4 Bxg4 26. Rc1 Rxc1+ 27. Bxc1 e4 28. Bb1 Qe5 29. Qc5 Qh5 30. Ba3 Kh7 31. Qe7 Be6 32. Bc2 Be5 33. g3 Qe2 34. Bb3 Qd3 35. Ba2 Qd1+ 36. Kg2 Qf3+ 37. Kg1 Bf6 38. Qe8 Qd1+ 39. Kg2 Qf3+ 40. Kf1 Bh3+ 41. Ke1 Bc3# 0-1

[Event "Südlohn - Holsterhausen"]
[Site "?"]
[Date "2024.04.14"]
[Round "8.1"]
[White "Schwalen, Peter"]
[Black "Mamedov, Aflatun"]
[Result "0-1"]
[WhiteElo "2094"]
[BlackElo "2206"]
[PlyCount "52"]
[EventDate "2024.??.??"]

1. e4 e5 2. Nf3 Nc6 3. Bb5 Bc5 4. O-O Qf6 5. d3 h6 6. Be3 Bb6 7. Nc3 Nge7 8. Bxb6 axb6 9. Ne2 O-O 10. Ng3 g6 11. Qd2 Kg7 12. a3 d6 13. Kh1 Bg4 14. Bxc6 Nxc6 15. Ng1 Qf4 16. Qxf4 exf4 17. N3e2 g5 18. f3 Bd7 19. g3 fxg3 20. hxg3 f5 21. Kg2 Rae8 22. Rae1 fxe4 23. fxe4 Rxf1 24. Rxf1 b5 25. Nf3 Rf8 26. Ne1 Bh3+ 0-1

[Event "Südlohn - Holsterhausen"]
[Site "?"]
[Date "2024.04.14"]
[Round "8.2"]
[White "Kolakovic, Klaudio"]
[Black "Walbaum, Klaus"]
[Result "1/2-1/2"]
[WhiteElo "2012"]
[BlackElo "2126"]
[PlyCount "35"]
[EventDate "2024.??.??"]

1. d4 Nf6 2. Nc3 d5 3. Bg5 Nbd7 4. Nf3 c6 5. e3 e6 6. a3 Qc7 7. Bd3 Bd6 8. Qd2 h6 9. Bh4 a6 10. Bg3 O-O 11. O-O e5 12. dxe5 Nxe5 13. Nxe5 Bxe5 14. Bxe5 Qxe5 15. h3 Re8 16. Rfe1 Bf5 17. Bxf5 Qxf5 18. Qd3 1/2-1/2

[Event "Südlohn - Holsterhausen"]
[Site "?"]
[Date "2024.04.14"]
[Round "8.3"]
[White "Dergatschova, Anna"]
[Black "Teloeken, Andreas"]
[Result "0-1"]
[WhiteElo "2043"]
[BlackElo "2050"]
[PlyCount "112"]
[EventDate "2024.??.??"]

1. Nf3 d5 2. c4 e6 3. Na3 Nf6 4. e3 c5 5. d4 Nc6 6. cxd5 Nxd5 7. Ne5 Nxe5 8. dxe5 Bd7 9. Nc4 Bc6 10. Bd2 b6 11. Qg4 g6 12. O-O-O b5 13. Na5 Bd7 14. Nb7 Qb6 15. Nd6+ Bxd6 16. exd6 O-O-O 17. e4 f5 18. exf5 gxf5 19. Qg3 Rhg8 20. Qe5 Rg4 21. f3 Ra4 22. Kb1 Kb7 23. Bd3 Rd4 24. Bc2 Bc8 25. Bg5 Rxd1+ 26. Rxd1 Qxd6 27. Qe2 Rg8 28. Qxb5+ Qb6 29. Qxb6+ axb6 30. h4 Kc6 31. g4 Nb4 32. gxf5 Nxc2 33. Kxc2 exf5 34. Bf4 Rg2+ 35. Kc3 Rf2 36. Rd6+ Kb5 37. Rd3 Bb7 38. Be3 Rxf3 39. Kd2 f4 40. Bg1 Rf1 41. Rd7 Be4 42. Re7 Bb1 43. Bh2 Bxa2 44. Kc3 Bc4 45. Bxf4 Rxf4 46. Rxh7 Rf3+ 47. Kd2 Kb4 48. h5 Rf2+ 49. Kc1 Rh2 50. Rh8 b5 51. h6 Bd3 52. Rd8 c4 53. Rd6 Kb3 54. Ra6 Rc2+ 55. Kd1 Rxb2 56. Rb6 b4 0-1

[Event "Südlohn - Holsterhausen"]
[Site "?"]
[Date "2024.04.14"]
[Round "8.4"]
[White "Engels, Natia"]
[Black "Bobzin, Pierre"]
[Result "1/2-1/2"]
[WhiteElo "2095"]
[BlackElo "2086"]
[PlyCount "36"]
[EventDate "2024.??.??"]

1. d4 Nf6 2. c4 d6 3. Nc3 Nbd7 4. e4 e5 5. Nf3 g6 6. Be2 Bg7 7. O-O O-O 8. dxe5 dxe5 9. Qc2 c6 10. b3 Qe7 11. a4 a5 12. Ba3 Nc5 13. b4 axb4 14. Bxb4 b6 15. Nd2 Be6 16. Nb3 Qa7 17. Nxc5 bxc5 18. Ba3 Rfd8 1/2-1/2

[Event "Südlohn - Holsterhausen"]
[Site "?"]
[Date "2024.04.14"]
[Round "8.5"]
[White "Lindenmaier, Reinhard"]
[Black "Doennebrink, Elmar"]
[Result "1/2-1/2"]
[WhiteElo "2038"]
[BlackElo "2077"]
[PlyCount "63"]
[EventDate "2024.??.??"]

1. c4 Nf6 2. g3 g6 3. Bg2 Bg7 4. e4 d6 5. Nc3 c5 6. Nge2 Nc6 7. h3 O-O 8. O-O Nd4 9. Nxd4 cxd4 10. Ne2 Qb6 11. d3 a5 12. Qb3 Qc5 13. Bd2 Bd7 14. a4 Bc6 15. Qc2 d5 16. exd5 Bxd5 17. Bxd5 Nxd5 18. Nf4 Nxf4 19. Bxf4 e5 20. Bd2 f5 21. b4 axb4 22. Qb3 Rf7 23. Bxb4 Qc6 24. f3 Bh6 25. a5 Be3+ 26. Kh2 Qe6 27. Qc2 Rd8 28. Bd2 e4 29. Bb4 exd3 30. Qxd3 Rc8 31. c5 Qd5 32. Ra3 1/2-1/2

[Event "Südlohn - Holsterhausen"]
[Site "?"]
[Date "2024.04.14"]
[Round "8.6"]
[White "Hater, Wolfgang"]
[Black "Heidarnezhad, Ben-Ali"]
[Result "0-1"]
[WhiteElo "2080"]
[BlackElo "1968"]
[PlyCount "76"]
[EventDate "2024.??.??"]

1. e4 c5 2. Nf3 d6 3. d3 Nf6 4. c3 Nc6 5. a3 a5 6. b3 Qc7 7. Nbd2 e6 8. Bb2 Be7 9. d4 O-O 10. Bd3 Nh5 11. O-O Nf4 12. Bc2 f5 13. dxc5 dxc5 14. Qe1 Bf6 15. Qe3 b6 16. Rfe1 Bd7 17. a4 Rae8 18. Rad1 g5 19. Nc4 g4 20. Nxb6 Nxg2 21. Kxg2 gxf3+ 22. Qxf3 Qxb6 23. Rxd7 Ne5 24. Qd1 Nxd7 25. Qxd7 Re7 26. Qd3 Rg7+ 27. Kh1 f4 28. e5 Bh4 29. Qf3 c4 30. Ba3 Rd8 31. Bd6 cxb3 32. Bd3 Bxf2 33. Rf1 Be3 34. Bc4 Re8 35. Bb5 Rc8 36. Qe4 Qd8 37. Bc4 Rxc4 38. Qxc4 Qa8+ 0-1

[Event "Südlohn - Holsterhausen"]
[Site "?"]
[Date "2024.04.14"]
[Round "8.7"]
[White "Billaudelle, Frank"]
[Black "Funke, Reinhard"]
[Result "0-1"]
[WhiteElo "1889"]
[BlackElo "2073"]
[PlyCount "44"]
[EventDate "2024.??.??"]

1. Nf3 Nf6 2. e3 c5 3. c4 g6 4. Nc3 Bg7 5. g3 b6 6. Bg2 Bb7 7. O-O O-O 8. a3 d6 9. d3 Nbd7 10. Rb1 Rc8 11. e4 Ne5 12. Ne1 e6 13. f4 Nc6 14. Nf3 Qc7 15. f5 exf5 16. exf5 Ne7 17. Nb5 Qb8 18. Bh3 Rcd8 19. g4 gxf5 20. g5 Ng4 21. Nh4 a6 22. Nc3 Bd4+ 0-1

[Event "Südlohn - Holsterhausen"]
[Site "?"]
[Date "2024.04.14"]
[Round "8.8"]
[White "Teloeken, Daniel"]
[Black "Krieglstein, Marcel"]
[Result "1-0"]
[WhiteElo "1947"]
[BlackElo "1947"]
[PlyCount "71"]
[EventDate "2024.??.??"]

1. c4 c6 2. g3 g6 3. Bg2 Bg7 4. Nc3 Nf6 5. e4 d6 6. Nge2 O-O 7. O-O e5 8. d4 a6 9. d5 c5 10. a3 Bd7 11. Qd3 Nh5 12. Bd2 f5 13. f3 Nf6 14. b4 cxb4 15. axb4 fxe4 16. Nxe4 Bf5 17. N2c3 Nbd7 18. Be3 Qc7 19. Rfc1 Rac8 20. Nxf6+ Nxf6 21. Ne4 h5 22. h3 Qd7 23. Kh2 Kh8 24. Qd2 Nh7 25. c5 Bxe4 26. fxe4 dxc5 27. bxc5 Rfd8 28. Rab1 Bf8 29. Qb2 Rb8 30. Qb6 Kg7 31. Qa7 Nf6 32. Bg5 Be7 33. c6 bxc6 34. Bxf6+ Kxf6 35. Qxd7 Rxb1 36. Qe6+ 1-0

[Event "Erkenschwick 2 - Katernberg 3"]
[Site "?"]
[Date "2024.04.14"]
[Round "8.1"]
[White "Krueger, Erich"]
[Black "Homs, Guust"]
[Result "0-1"]
[WhiteElo "2111"]
[BlackElo "2137"]
[PlyCount "76"]
[EventDate "2024.??.??"]

1. d4 Nf6 2. c4 e6 3. Nc3 d5 4. cxd5 Nxd5 5. e4 Nxc3 6. bxc3 c5 7. Nf3 cxd4 8. cxd4 Bb4+ 9. Bd2 Bxd2+ 10. Qxd2 O-O 11. Bc4 Nc6 12. O-O b6 13. Rfd1 Bb7 14. Qf4 Na5 15. Bd3 Qf6 16. Qe3 Rac8 17. Rac1 h6 18. Bb1 Rfd8 19. Rxc8 Rxc8 20. d5 exd5 21. e5 Qe7 22. Nd4 Nc4 23. Qd3 g6 24. Re1 Qb4 25. Nf3 Nxe5 26. Qe3 Nxf3+ 27. gxf3 d4 28. Qe5 Qc5 29. Qg3 Qg5 30. Kg2 Rc3 31. Be4 Bxe4 32. Rxe4 Qxg3+ 33. hxg3 d3 34. Rd4 Ra3 35. g4 b5 36. Rd5 b4 37. Rd7 a5 38. Rd4 Rxa2 0-1

[Event "Erkenschwick 2 - Katernberg 3"]
[Site "?"]
[Date "2024.04.14"]
[Round "8.3"]
[White "Rosen, Willy"]
[Black "Trzaska, Peter"]
[Result "1-0"]
[WhiteElo "2092"]
[BlackElo "2077"]
[PlyCount "117"]
[EventDate "2024.??.??"]

1. e4 c6 2. d4 d5 3. exd5 cxd5 4. Bd3 Nc6 5. c3 Nf6 6. Bf4 g6 7. Nd2 Bg7 8. Ngf3 O-O 9. h3 a6 10. Qe2 b5 11. Ne5 Nxe5 12. dxe5 Nd7 13. Nf3 Nc5 14. O-O Nxd3 15. Qxd3 Bf5 16. Qd2 Qd7 17. Rfe1 Rfd8 18. Nd4 Rac8 19. g4 Be6 20. Bg3 Qa7 21. f4 Rc4 22. Bf2 Qd7 23. Qd3 h5 24. f5 gxf5 25. gxf5 Rxd4 26. Bxd4 Bxf5 27. Qg3 Qe6 28. Kh2 Qg6 29. Qxg6 fxg6 30. a4 Bh6 31. axb5 axb5 32. Rf1 Rb8 33. Ra7 Bg5 34. b4 Kf7 35. Ra6 Rc8 36. Rf2 h4 37. Ra5 Rb8 38. Rf3 Kg8 39. Be3 Be4 40. Bxg5 Bxf3 41. Bxe7 Rc8 42. Bxh4 Rxc3 43. e6 Rc8 44. Kg3 Be2 45. Kf4 Re8 46. Ke5 d4 47. Ra7 Bc4 48. e7 d3 49. Kf6 Rc8 50. Rc7 Ra8 51. Kxg6 Bf7+ 52. Kg5 Be8 53. Rc5 Kf7 54. Kf4 Ke6 55. Re5+ Kd6 56. Re4 Bg6 57. Rd4+ Kc7 58. Ke3 Ra6 59. Bg3+ 1-0

[Event "Erkenschwick 2 - Katernberg 3"]
[Site "?"]
[Date "2024.04.14"]
[Round "8.4"]
[White "Al Marawi, Abdulhadi"]
[Black "Gorainow, Nikita"]
[Result "0-1"]
[WhiteElo "2028"]
[BlackElo "2033"]
[PlyCount "118"]
[EventDate "2024.??.??"]

1. Nf3 Nf6 2. c4 g6 3. Nc3 d5 4. e3 Bg7 5. d4 O-O 6. Qb3 e6 7. cxd5 Nxd5 8. Nxd5 exd5 9. Bd2 c6 10. Bd3 Nd7 11. Bb4 Re8 12. Bd6 Qf6 13. Qa3 b6 14. O-O c5 15. Bg3 Qc6 16. Rac1 Bb7 17. b3 Rac8 18. Qb2 b5 19. Qd2 Qb6 20. Be2 c4 21. b4 Nf6 22. Qc2 Ne4 23. Be5 f6 24. Bf4 Bf8 25. Rb1 Ra8 26. Nd2 Nxd2 27. Qxd2 Bc8 28. Bf3 Qc6 29. g4 Be6 30. Kg2 a5 31. a3 axb4 32. axb4 Ra4 33. Rfc1 Rea8 34. Bd1 Ra3 35. Rc3 Qa6 36. Bc7 Qc8 37. Rxa3 Rxa3 38. Ba5 Bxg4 39. f3 Bh3+ 40. Kf2 Qf5 41. Qc1 Ra2+ 42. Rb2 Rxb2+ 43. Qxb2 Qg5 44. Qe2 Qh4+ 45. Kg1 Bd6 46. Qd2 Bf5 47. f4 Be4 48. Bd8 Kf7 49. Be2 Qh3 50. Bf1 Qf3 51. Ba5 Qh1+ 52. Kf2 Qxh2+ 53. Ke1 Qh1 54. Qf2 h5 55. Kd2 h4 56. f5 g5 57. Be2 Bg3 58. Bh5+ Ke7 59. Qe2 Qb1 0-1

[Event "Erkenschwick 2 - Katernberg 3"]
[Site "?"]
[Date "2024.04.14"]
[Round "8.5"]
[White "Heldt, Maximilian"]
[Black "Riechenberg, Maximilian"]
[Result "0-1"]
[WhiteElo "2072"]
[BlackElo "1951"]
[PlyCount "50"]
[EventDate "2024.??.??"]

1. e4 e5 2. Nf3 Nc6 3. Bb5 a6 4. Ba4 Nf6 5. O-O b5 6. Bb3 Bc5 7. c3 d6 8. d4 Bb6 9. Bg5 h6 10. Bh4 g5 11. Nxg5 hxg5 12. Bxg5 Rg8 13. h4 Bg4 14. Qc1 Qe7 15. Bd5 Bd7 16. f4 exd4 17. e5 Rxg5 18. Bxf7+ Qxf7 19. fxg5 dxc3+ 20. Kh1 cxb2 21. Qxb2 Qh5 22. g3 Ne4 23. Qb3 O-O-O 24. e6 Be8 25. a4 Qg4 0-1

[Event "Erkenschwick 2 - Katernberg 3"]
[Site "?"]
[Date "2024.04.14"]
[Round "8.6"]
[White "Jungbluth, Rolf"]
[Black "Gallas, Noel"]
[Result "0-1"]
[WhiteElo "2043"]
[BlackElo "1992"]
[PlyCount "110"]
[EventDate "2024.??.??"]

1. c4 Nf6 2. Nc3 c5 3. e4 Nc6 4. g3 d6 5. d3 g6 6. Bg2 h5 7. h3 Bg7 8. Nge2 Bd7 9. Be3 Rb8 10. Qd2 a6 11. a4 Na5 12. Nc1 b6 13. f4 Bc6 14. O-O e6 15. Qe2 Qe7 16. Ra2 Nd7 17. Nd1 Bb7 18. Qf2 Nc6 19. Ne2 Nb4 20. Ra3 Nc2 21. Ra2 Nb4 22. Ra3 Nc2 23. Ra2 Nxe3 24. Nxe3 O-O 25. b3 Rfe8 26. g4 hxg4 27. hxg4 Nf6 28. Qg3 Bc8 29. Bf3 b5 30. cxb5 axb5 31. a5 Ba6 32. Kg2 b4 33. Nc1 g5 34. Rh1 gxf4 35. Qxf4 Nh7 36. Qh2 Ng5 37. Rf2 Be5 38. Qh5 Qf6 39. Nc4 Bd4 40. Rff1 Bxc4 41. dxc4 Qg6 42. Qh2 Be5 43. Qg1 Kg7 44. Qe3 Ra8 45. Rh5 f6 46. Nd3 Bd4 47. Qd2 e5 48. Qa2 Re7 49. a6 Rea7 50. Qa5 Rxa6 51. Qb5 Qf7 52. Be2 Qc7 53. Nxb4 cxb4 54. Qxb4 Ra2 55. Qe1 Qb7 0-1

[Event "Erkenschwick 2 - Katernberg 3"]
[Site "?"]
[Date "2024.04.14"]
[Round "8.7"]
[White "Geerlings, Gerd"]
[Black "Riechenberg, Sebastian"]
[Result "1-0"]
[WhiteElo "2248"]
[BlackElo "1900"]
[PlyCount "53"]
[EventDate "2024.??.??"]

1. Nf3 Nf6 2. b3 e6 3. Bb2 c5 4. e3 Nc6 5. Be2 Be7 6. O-O O-O 7. d4 a6 8. c4 cxd4 9. exd4 d5 10. Nbd2 b6 11. Rc1 Bb7 12. Bd3 Rc8 13. Re1 Bd6 14. Ne5 dxc4 15. Nxc6 Bxc6 16. bxc4 Qc7 17. d5 Bb7 18. Bxf6 gxf6 19. Bxh7+ Kxh7 20. Qh5+ Kg7 21. Qg4+ Kh7 22. Re3 Bxh2+ 23. Kh1 Bf4 24. Rh3+ Bh6 25. Qh4 Kg8 26. Qxh6 Qg3 27. Rxg3# 1-0

[Event "Erkenschwick 2 - Katernberg 3"]
[Site "?"]
[Date "2024.04.14"]
[Round "8.8"]
[White "Schwitkowski, Luka"]
[Black "Sauer, Bernd"]
[Result "1-0"]
[WhiteElo "1945"]
[BlackElo "1913"]
[PlyCount "65"]
[EventDate "2024.??.??"]

1. d4 f5 2. c4 Nf6 3. Nf3 g6 4. Nc3 Bg7 5. g3 O-O 6. Bg2 d6 7. O-O c6 8. Qd3 a5 9. Rd1 Na6 10. a3 Qc7 11. c5 Be6 12. Ng5 Bf7 13. Nxf7 Rxf7 14. cxd6 exd6 15. Bd2 Raf8 16. f3 d5 17. Rac1 Qd8 18. e3 Nh5 19. Ne2 Bh6 20. Nf4 Nxf4 21. gxf4 g5 22. fxg5 Bxg5 23. Kh1 Nb8 24. Rg1 Kh8 25. Bh3 Be7 26. Rg3 Bd6 27. f4 Bc7 28. Rcg1 Qd7 29. Qe2 Qe6 30. Qg2 Rf6 31. Rg7 Nd7 32. Rxh7+ Kxh7 33. Qg7# 1-0

[Event "Gütersloh - Langenfeld"]
[Site "?"]
[Date "2024.04.14"]
[Round "8.1"]
[White "Keller, Karsten"]
[Black "Plassmann, Dominik"]
[Result "0-1"]
[WhiteElo "2203"]
[BlackElo "2160"]
[PlyCount "76"]
[EventDate "2024.??.??"]

1. Nf3 f5 2. d4 Nf6 3. c4 e6 4. g3 Be7 5. Bg2 d5 6. O-O Ne4 7. b3 Nc6 8. e3 h5 9. cxd5 exd5 10. Ne5 Nxe5 11. dxe5 h4 12. f3 Ng5 13. f4 Ne4 14. Bxe4 dxe4 15. Qc2 c6 16. g4 Qb6 17. g5 Be6 18. Rd1 h3 19. Nc3 Rh4 20. Kh1 Bf7 21. Rg1 Bh5 22. Rg3 O-O-O 23. Bd2 Rd3 24. Re1 Qd8 25. Nb1 Bf3+ 26. Kg1 Rg4 27. Rxg4 Bxg4 28. b4 Kb8 29. Kf2 Bf3 30. Bc3 Bxg5 31. fxg5 Qxg5 32. Rg1 Qxe3+ 33. Kf1 Bg2+ 34. Rxg2 hxg2+ 35. Kxg2 Qf3+ 36. Kg1 Rd1+ 37. Qxd1 Qxd1+ 38. Kf2 Qxb1 0-1

[Event "Gütersloh - Langenfeld"]
[Site "?"]
[Date "2024.04.14"]
[Round "8.2"]
[White "Ebert, Manuel"]
[Black "Reinemer, Frank"]
[Result "1/2-1/2"]
[WhiteElo "2146"]
[BlackElo "2091"]
[PlyCount "62"]
[EventDate "2024.??.??"]

1. b3 f5 2. Bb2 Nf6 3. Nf3 d6 4. e3 c6 5. d4 g6 6. Bd3 Bg7 7. Nbd2 O-O 8. Qe2 d5 9. h4 a5 10. a3 Qd6 11. c4 Nbd7 12. c5 Qb8 13. Ng5 e5 14. Ne6 Re8 15. Nxg7 Kxg7 16. dxe5 Nxe5 17. Nf3 Nxf3+ 18. Qxf3 h5 19. O-O Re6 20. Rfe1 Bd7 21. Rad1 Qc7 22. b4 axb4 23. axb4 Rae8 24. b5 cxb5 25. Qxd5 Bc6 26. Qd4 Kh7 27. Be2 Ng4 28. Bxg4 Re4 29. Qd6 Qxd6 30. cxd6 Rxg4 31. g3 Rd8 1/2-1/2

[Event "Gütersloh - Langenfeld"]
[Site "?"]
[Date "2024.04.14"]
[Round "8.3"]
[White "Reuter, Michael"]
[Black "Hofmann, Martin"]
[Result "1/2-1/2"]
[WhiteElo "2070"]
[BlackElo "2039"]
[PlyCount "34"]
[EventDate "2024.??.??"]

1. d4 d5 2. Nf3 Nf6 3. e3 Bf5 4. Ne5 Nbd7 5. g4 Be6 6. Be2 g6 7. b3 Bg7 8. Bb2 Nxe5 9. dxe5 Nd7 10. f4 c6 11. Bf3 f6 12. exf6 Bxf6 13. Bxf6 exf6 14. Nc3 Qc7 15. Qd4 O-O-O 16. O-O-O Qa5 17. Kb1 Kb8 1/2-1/2

[Event "Gütersloh - Langenfeld"]
[Site "?"]
[Date "2024.04.14"]
[Round "8.4"]
[White "Wulfhorst, Noah"]
[Black "Pejkovic, Patrick Slavko"]
[Result "1-0"]
[WhiteElo "1913"]
[BlackElo "2094"]
[PlyCount "31"]
[EventDate "2024.??.??"]

1. c4 e5 2. g3 Nc6 3. Bg2 f5 4. Nc3 Nf6 5. Nf3 e4 6. Nh4 d6 7. d3 Be7 8. Bg5 O-O 9. dxe4 fxe4 10. Nxe4 Be6 11. Rc1 Nxe4 12. Bxe7 Qxe7 13. Bxe4 g5 14. Ng2 Qf7 15. O-O Bxc4 16. Rxc4 1-0

[Event "Gütersloh - Langenfeld"]
[Site "?"]
[Date "2024.04.14"]
[Round "8.5"]
[White "Hendrichs, Udo"]
[Black "Hanhoerster, Stephan"]
[Result "1/2-1/2"]
[WhiteElo "2006"]
[BlackElo "2087"]
[PlyCount "24"]
[EventDate "2024.??.??"]

1. d4 d5 2. Nf3 Nf6 3. e3 e6 4. Bd3 b6 5. Qe2 Bd6 6. O-O O-O 7. Nbd2 Bb7 8. e4 dxe4 9. Nxe4 Nxe4 10. Bxe4 Bxe4 11. Qxe4 Nd7 12. Bg5 Be7 1/2-1/2

[Event "Gütersloh - Langenfeld"]
[Site "?"]
[Date "2024.04.14"]
[Round "8.6"]
[White "Grochtmann, Stephan"]
[Black "Weber, Christian"]
[Result "1/2-1/2"]
[WhiteElo "1960"]
[BlackElo "1871"]
[PlyCount "51"]
[EventDate "2024.??.??"]

1. e4 d5 2. exd5 Qxd5 3. Nf3 Bf5 4. Nc3 Qa5 5. b4 Qb6 6. Bc4 Nf6 7. O-O e6 8. Rb1 c6 9. b5 c5 10. d4 cxd4 11. Na4 Qa5 12. Bb3 d3 13. cxd3 Qxb5 14. Nb2 Nbd7 15. Bc4 Qa5 16. Nd4 Bg4 17. Qb3 Bc5 18. Be3 a6 19. Qxb7 O-O 20. Nb3 Qa3 21. Nxc5 Nxc5 22. Qe7 Rac8 23. Bxc5 Qxc5 24. Qxc5 Rxc5 25. Bxa6 Nd5 26. Bc4 1/2-1/2